<?xml version="1.0" encoding="UTF-8"?>
<record
    xmlns:xsi="http://www.w3.org/2001/XMLSchema-instance"
    xsi:schemaLocation="http://www.loc.gov/MARC21/slim http://www.loc.gov/standards/marcxml/schema/MARC21slim.xsd"
    xmlns="http://www.loc.gov/MARC21/slim">

  <leader>00907nam a22002175i 4500</leader>
  <controlfield tag="001">102826</controlfield>
  <controlfield tag="003">ES-MaACL</controlfield>
  <controlfield tag="005">20240217135815.0</controlfield>
  <controlfield tag="007">t|</controlfield>
  <controlfield tag="008">051213s1858    sp           ||||1| spa d</controlfield>
  <datafield tag="040" ind1=" " ind2=" ">
    <subfield code="a">AR </subfield>
    <subfield code="b">spa </subfield>
    <subfield code="c">AR</subfield>
  </datafield>
  <datafield tag="100" ind1="1" ind2=" ">
    <subfield code="a">Lostal de Tena, Jos&#xE9;.</subfield>
    <subfield code="9">74284</subfield>
  </datafield>
  <datafield tag="245" ind1="1" ind2="0">
    <subfield code="a">Zaragoza hist&#xF3;rica y descriptiva o sea Tradiciones hist&#xF3;ricas desde su fundaci&#xF3;n hasta nuestros d&#xED;as y descripci&#xF3;n de sus principales monumentos / </subfield>
    <subfield code="c">por Jos&#xE9; Lostal de Tena.</subfield>
  </datafield>
  <datafield tag="260" ind1=" " ind2=" ">
    <subfield code="a">Zaragoza : </subfield>
    <subfield code="b">[s.n.], </subfield>
    <subfield code="c">1858 (</subfield>
    <subfield code="f">Imp. de Crist&#xF3;bal Juste y Olona)</subfield>
  </datafield>
  <datafield tag="300" ind1=" " ind2=" ">
    <subfield code="a">250 p. ; </subfield>
    <subfield code="c">21 cm.</subfield>
  </datafield>
  <datafield tag="650" ind1=" " ind2="4">
    <subfield code="a">Monumentos-</subfield>
    <subfield code="z">Zaragoza.</subfield>
    <subfield code="9">151224</subfield>
  </datafield>
  <datafield tag="651" ind1=" " ind2="4">
    <subfield code="a">Zaragoza-</subfield>
    <subfield code="x">Historia.</subfield>
    <subfield code="9">151223</subfield>
  </datafield>
  <datafield tag="852" ind1=" " ind2=" ">
    <subfield code="a">ES-MaACL</subfield>
    <subfield code="j">R-3376</subfield>
    <subfield code="9">106670</subfield>
    <subfield code="d">Olim: G-1276</subfield>
    <subfield code="z">Cotejado con la relaci&#xF3;n de obras recuperadas expediente robo</subfield>
    <subfield code="z">Cambio de signatura: datos tomados del fichero topogr&#xE1;fico R.</subfield>
  </datafield>
  <datafield tag="942" ind1=" " ind2=" ">
    <subfield code="2">udc</subfield>
  </datafield>
  <datafield tag="999" ind1=" " ind2=" ">
    <subfield code="c">102826</subfield>
    <subfield code="d">102826</subfield>
  </datafield>
  <datafield tag="952" ind1=" " ind2=" ">
    <subfield code="0">0</subfield>
    <subfield code="1">0</subfield>
    <subfield code="4">0</subfield>
    <subfield code="7">0</subfield>
    <subfield code="8">LIBXIX</subfield>
    <subfield code="a">ATENEOM</subfield>
    <subfield code="b">ATENEOM</subfield>
    <subfield code="c">DEPO</subfield>
    <subfield code="d">2008-01-17</subfield>
    <subfield code="e">SC</subfield>
    <subfield code="l">0</subfield>
    <subfield code="o">R-3376</subfield>
    <subfield code="p">1107344</subfield>
    <subfield code="r">2023-02-23 00:00:00</subfield>
    <subfield code="w">2023-02-23</subfield>
    <subfield code="y">MONANT</subfield>
  </datafield>
</record>
